Manage your time : How to work more effectively

Bibliographic Details
Format: Book
Published: London : Bloomsbury Publishing Plc. , 2004
Series:Business the ultimate resource
Step to success
Subjects:

MARC

LEADER 00000cam a2200000 7i4500
001 0000017989
005 20080602.0
008 020608
020 |a 0747572062 
090 0 0 |a 658.4093   |b MAN 
245 1 0 |a Manage your time :   |b How to work more effectively 
260 |a London :   |b Bloomsbury Publishing Plc. ,   |c 2004 
440 |a Business the ultimate resource 
440 |a Step to success 
650 0 |a Time management 
999 |a 0001017240   |b Book   |c Adult Collection   |e Perbadanan Perpustakaan Awam Johor